O tesouro do bosque (Registo nº 6024)
[ vista simples ]
| 000 -Etiqueta do registo | |
|---|---|
| Valores | 00704nam a2200241 4500 |
| 010 ## - Número ISBN | |
| ISBN | 9789899986312 |
| 100 ## - Dados gerais de processamento | |
| Dados gerais | 20250930d2017 m y0pory50030103ba |
| 200 1# - Titulo e menção de responsabilidade | |
| Título próprio | O tesouro do bosque |
| Informação de outro título | poesia |
| Primeira menção de responsabilidade | Lia C. |
| Outras menções de responsabilidade | pref. Celina da Piedade ; il. Telmo Lopes |
| 210 #9 - Publicação | |
| Local de publicação | [S.l. |
| Nome do editor | s.n.], |
| Data de publicação | cop. 2017 |
| 215 ## - Descrição física | |
| Paginação / Volumes | [57] p. |
| Outras indicações físicas | il. |
| 606 ## - Nome comum usado como assunto | |
| ID Autoridade | 14 |
| Palavra de ordem | Literatura infantil |
| 606 ## - Nome comum usado como assunto | |
| ID Autoridade | 15 |
| Palavra de ordem | Literatura Portuguesa |
| 606 ## - Nome comum usado como assunto | |
| ID Autoridade | 93 |
| Palavra de ordem | Poesia |
| 675 ## - CDU | |
| Notação | 82-93 |
| Edição | BN |
| Língua | por |
| 675 ## - CDU | |
| Notação | 821.134.3 |
| Edição | BN |
| Língua | por |
| 700 ## - Autor principal (pessoa individual) | |
| Apelido | C. |
| Nome | Lia |
| Datas | 1975- |
| ID Autoridade | 3486 |
| 702 ## - Autor secundário (pessoa individual) | |
| Apelido | Lopes |
| Nome | Telmo |
| ID Autoridade | 5711 |
| 702 ## - Autor secundário (pessoa individual) | |
| Apelido | Piedade |
| Nome | Celina da |
| Datas | 1979- |
| ID Autoridade | 5712 |
| 801 #0 - Fonte de origem | |
| País | PT |
| Agência | BEN2VN |
| Regras de catalogação | RPC |
| 830 ## - Notas gerais do catalogador | |
| Criado por | Tânia Croca |
| Data de criação | 30/09/2025 |
| 990 ## - Elementos KOHA | |
| Tipo de documento | Livro |
| Situação do levantamento | Biblioteca de origem | Código de barras | Cota | Permissão de empréstimo | Tipo de documento | Forma de aquisição |
|---|---|---|---|---|---|---|
| Biblioteca Escola Nº2 Vendas Novas | 100000029544 | LI POR/C. | Livro | |||
| Biblioteca Escola Nº2 Vendas Novas | 100000024174 | LI POR/C. | Livro | |||
| Biblioteca Escola Nº2 Vendas Novas | 100000020583 | LI POR/C. | Livro | |||
| Biblioteca Escola Nº2 Vendas Novas | 100000017662 | LI POR/C. | Livro | |||
| Biblioteca Escola Nº2 Vendas Novas | 100000016534 | LI POR/C. | Livro | |||
| Biblioteca Escola Nº2 Vendas Novas | 100000016515 | LI POR/C. | Livro | |||
| Biblioteca Escola Nº2 Vendas Novas | 100000016002 | LI POR/C. | Livro | |||
| Biblioteca Escola Nº2 Vendas Novas | 100000030657 | LI POR/C. | Livro |